| 000 | 01063nam a2200325 i 4500 | ||
|---|---|---|---|
| 003 | EG-GICUC | ||
| 005 | 20260208143911.0 | ||
| 008 | 260208s1995 fr ||fr|||| 000 0 fre d | ||
| 020 | _a2233002792 | ||
| 040 |
_aEG-GiCUC _bfre _cEG-GiCUC _dEG-GiCUC _eRda |
||
| 041 | 0 | _afre | |
| 082 | 0 | 4 |
_221 _a341.81 _bPL . I |
| 092 | 0 | 4 | _221 |
| 099 | _aLaw1 12 341.81 PL . I 1995 | ||
| 100 | 1 |
_aPlantey, Alain _eAuteur |
|
| 245 | 1 | 4 |
_aL'internationalité Dans Les Institutions Et Le Droit : _bConvergences Et Défis / _cÉtudes Offertes A Alain Plantey. |
| 264 | 1 |
_aParis : _bÉditions A. Pedone, _c1995. |
|
| 300 |
_a371 page, _c24 cm. |
||
| 336 |
_2rda contenu _a texte |
||
| 337 |
_2rda medias _aOrdinateur |
||
| 338 |
_2 transporteur rda _a Ressource en ligne |
||
| 504 | _aComprend des références bibliographiques et un index. | ||
| 504 | _a | ||
| 546 | _aTexte en français | ||
| 650 | 1 | 4 |
_aDroit international privé _2 |
| 651 | 1 | _2 | |
| 856 | 4 | 0 | _uhttps://fll.law.cu.edu.eg/fulltext/bks/B12-01859.pdf |
| 905 | _a48 | ||
| 942 |
_2ddc _cBK _e21 _n0 |
||
| 999 |
_c61664 _d61664 |
||